[Event "SCG-chT"]
[Site "Petrovac"]
[Date "2004.05.18"]
[Round "3.4"]
[White "Vucicevic, Moma"]
[Black "Nadjhedjesi, Balind"]
[Result "1/2-1/2"]
[WhiteElo "2325"]
[BlackElo "2258"]
[PlyCount "47"]
[EventDate "2004.05.16"]
[EventType "team-tourn"]
[EventRounds "7"]
[EventCountry "YUG"]
[SourceTitle "CBM 100 Extra"]
[Source "ChessBase"]
[SourceDate "2004.07.06"]
[SourceVersion "2"]
[SourceVersionDate "2004.07.06"]
[SourceQuality "1"]
[WhiteTeam "10"]
[BlackTeam "06"]
[WhiteTeamCountry "YUG"]
[BlackTeamCountry "YUG"]

1. d4 d5 2. c4 c6 3. Nc3 Nf6 4. Nf3 e6 5. Bg5 h6 6. Bxf6 Qxf6 7. e3 Nd7 8. Bd3 g6 9. 0-0 Bg7 10. b4 0-0 11. Rc1 dxc4 12. Bxc4 e5 13. d5 Nb6 14. Ne4 Qd8 15. dxc6 bxc6 16. Bb3 Ba6 17. Qxd8 Rfxd8 18. Rfd1 Bd3 19. Nc5 Be2 20. Rxd8+ Rxd8 21. Nb7 Rd7 22. Nc5 Rd8 23. Nb7 Rd7 24. Nc5 1/2-1/2

[Event "YUG-ch U18 54th"]
[Site "Obrenovac"]
[Date "2002.01.19"]
[Round "10"]
[White "Jeremic, Veljko"]
[Black "Nadjhedjesi, Balind"]
[Result "1-0"]
[WhiteElo "2484"]
[BlackElo "2272"]
[PlyCount "65"]
[EventDate "2002.01.09"]
[EventType "tourn"]
[EventRounds "13"]
[EventCountry "YUG"]
[EventCategory "1"]
[SourceTitle "CBM 086 Extra"]
[Source "ChessBase"]
[SourceDate "2002.03.14"]
[SourceVersion "1"]
[SourceVersionDate "2002.03.14"]
[SourceQuality "1"]

1. Nf3 d5 2. b3 Nf6 3. Bb2 c6 4. g3 Bf5 5. Bg2 Nbd7 6. 0-0 e6 7. d4 Bd6 8. c4 0-0 9. Nc3 Re8 10. Nh4 Bg4 11. h3 Bh5 12. c5 Be7 13. g4 Bg6 14. Nxg6 hxg6 15. f4 Rb8 16. Qc2 Nh7 17. g5 e5 18. dxe5 Bxc5+ 19. Kh1 Nhf8 20. e4 d4 21. Ne2 Ne6 22. Rad1 Qb6 23. h4 Rbd8 24. Bh3 Ndf8 25. f5 gxf5 26. exf5 Nc7 27. Qe4 Qb4 28. Nf4 Nd5 29. Nd3 Qb6 30. Nxc5 Qxc5 31. Qxd4 Qa5 32. e6 f6 33. Rg1 1-0

[Event "YUG-ch U18 54th"]
[Site "Obrenovac"]
[Date "2002.01.16"]
[Round "7"]
[White "Nadjhedjesi, Balind"]
[Black "Krivokapic, Marko"]
[Result "0-1"]
[WhiteElo "2272"]
[BlackElo "2055"]
[PlyCount "100"]
[EventDate "2002.01.09"]
[EventType "tourn"]
[EventRounds "13"]
[EventCountry "YUG"]
[EventCategory "1"]
[SourceTitle "CBM 086 Extra"]
[Source "ChessBase"]
[SourceDate "2002.03.14"]
[SourceVersion "1"]
[SourceVersionDate "2002.03.14"]
[SourceQuality "1"]

1. e4 c5 2. Nf3 Nc6 3. d4 cxd4 4. Nxd4 Nf6 5. Nc3 e6 6. Ndb5 d6 7. Bf4 e5 8. Bg5 a6 9. Na3 b5 10. Nd5 Be7 11. Bxf6 Bxf6 12. c3 Bg5 13. Nc2 0-0 14. Bd3 Ne7 15. Nce3 Nxd5 16. Nxd5 Bb7 17. Bc2 Bxd5 18. Qxd5 Qb6 19. Rd1 Rfd8 20. Bb3 Ra7 21. 0-0 Rc7 22. Qd3 a5 23. Bd5 b4 24. c4 g6 25. Qg3 Bf6 26. Rd3 Kg7 27. Kh1 Rf8 28. Qg4 Qa6 29. Rh3 Qc8 30. Qg3 Qd8 31. Rd1 Bg5 32. a3 f5 33. exf5 Rxf5 34. Kg1 Qf6 35. Rf1 Rf4 36. axb4 axb4 37. Qb3 Ra7 38. Rf3 Rxf3 39. Bxf3 Re7 40. Re1 e4 41. Bxe4 Qd4 42. Qc2 b3 43. Qxb3 Qd2 44. Kf1 Bf6 45. Rd1 Qf4 46. Bd5 Qxh2 47. g3 Qh3+ 48. Kg1 Qg4 49. Bf3 Qh3 50. Qc2 Bd4 0-1

[Event "YUG-ch U18 54th"]
[Site "Obrenovac"]
[Date "2002.01.15"]
[Round "6"]
[White "Nikolic, Milos"]
[Black "Nadjhedjesi, Balind"]
[Result "1/2-1/2"]
[WhiteElo "2145"]
[BlackElo "2272"]
[PlyCount "63"]
[EventDate "2002.01.09"]
[EventType "tourn"]
[EventRounds "13"]
[EventCountry "YUG"]
[EventCategory "1"]
[SourceTitle "CBM 086 Extra"]
[Source "ChessBase"]
[SourceDate "2002.03.14"]
[SourceVersion "1"]
[SourceVersionDate "2002.03.14"]
[SourceQuality "1"]

1. e4 c6 2. d4 d5 3. Nd2 dxe4 4. Nxe4 Nd7 5. Nf3 Ngf6 6. Ng3 e6 7. Bd3 c5 8. 0-0 Be7 9. b3 0-0 10. Bb2 b6 11. c4 Bb7 12. Re1 Re8 13. Qe2 Qc7 14. Rad1 Rad8 15. Bb1 Nf8 16. Ne5 Ng6 17. Nxg6 hxg6 18. Ne4 Nxe4 19. Bxe4 Bxe4 20. Qxe4 Bf6 21. Rd2 Re7 22. Red1 Red7 23. h3 Rd6 24. Bc3 R8d7 25. Qe3 cxd4 26. Bxd4 Bxd4 27. Rxd4 Qc5 28. Rxd6 Rxd6 29. Rxd6 Qxd6 30. Qe4 Qd1+ 31. Kh2 Qd6+ 32. Kg1 1/2-1/2

[Event "YUG-ch U18 54th"]
[Site "Obrenovac"]
[Date "2002.01.12"]
[Round "4"]
[White "Blesic, Vaso"]
[Black "Nadjhedjesi, Balind"]
[Result "1-0"]
[WhiteElo "2183"]
[BlackElo "2272"]
[PlyCount "97"]
[EventDate "2002.01.09"]
[EventType "tourn"]
[EventRounds "13"]
[EventCountry "YUG"]
[EventCategory "1"]
[SourceTitle "CBM 086 Extra"]
[Source "ChessBase"]
[SourceDate "2002.03.14"]
[SourceVersion "1"]
[SourceVersionDate "2002.03.14"]
[SourceQuality "1"]

1. e4 d5 2. exd5 Nf6 3. d4 Nxd5 4. Nf3 Bg4 5. Be2 e6 6. h3 Bh5 7. 0-0 Be7 8. c4 Nb6 9. b3 Bf6 10. Bb2 Nc6 11. Na3 0-0 12. Nc2 Re8 13. Re1 Bg6 14. Ne3 Bh5 15. Ng4 Bxg4 16. hxg4 a5 17. Qd2 h6 18. Bd3 Re7 19. Rad1 Rd7 20. Be4 a4 21. Bxc6 bxc6 22. Ne5 Bxe5 23. Rxe5 axb3 24. axb3 Ra2 25. Ra1 Rxa1+ 26. Bxa1 Qf6 27. Qe2 Rd8 28. Qf3 Ra8 29. Bb2 Qg6 30. Qe4 Qxe4 31. Rxe4 Rb8 32. Bc1 Nd7 33. Re3 Nf6 34. f3 Kf8 35. Kf2 Ke7 36. Ke2 Ra8 37. Kd3 Ra2 38. Re2 Ra1 39. Kc2 Kd7 40. Kb2 Ra8 41. Bf4 Ne8 42. Re1 Nd6 43. Ra1 Rxa1 44. Kxa1 Nb7 45. Kb2 c5 46. Kc3 cxd4+ 47. Kxd4 f6 48. Be3 e5+ 49. Kd3 1-0

[Event "YUG-ch U18 54th"]
[Site "Obrenovac"]
[Date "2002.01.11"]
[Round "3"]
[White "Nadjhedjesi, Balind"]
[Black "Lecic, Predrag"]
[Result "1/2-1/2"]
[WhiteElo "2272"]
[BlackElo "2149"]
[PlyCount "104"]
[EventDate "2002.01.09"]
[EventType "tourn"]
[EventRounds "13"]
[EventCountry "YUG"]
[EventCategory "1"]
[SourceTitle "CBM 086 Extra"]
[Source "ChessBase"]
[SourceDate "2002.03.14"]
[SourceVersion "1"]
[SourceVersionDate "2002.03.14"]
[SourceQuality "1"]

1. e4 c6 2. d4 d5 3. Nd2 dxe4 4. Nxe4 Bf5 5. Ng3 Bg6 6. Nf3 Nd7 7. Nh4 e6 8. Nxg6 hxg6 9. Bc4 Qc7 10. h3 Ngf6 11. Qe2 Bd6 12. Ne4 Nxe4 13. Qxe4 Nf6 14. Qe2 0-0-0 15. Bd2 Bf4 16. Bxf4 Qxf4 17. c3 Qe4 18. Qxe4 Nxe4 19. Rd1 Rd7 20. 0-0 Rhd8 21. Rfe1 Nf6 22. Re5 Kc7 23. Ra5 a6 24. Re5 Rd6 25. Rde1 Rh8 26. R1e3 Rd7 27. Be2 Rd5 28. Rf3 Kd6 29. Rfe3 Ke7 30. Bf3 Rxe5 31. Rxe5 Rd8 32. Kf1 Nd7 33. Re2 Nb6 34. Ke1 Nd5 35. Re5 Nb6 36. Re2 Nc4 37. b3 Nb6 38. Kd2 Nd7 39. Ke3 Kd6 40. Rd2 Nf6 41. Be4 Nxe4 42. Kxe4 Rh8 43. Re2 Rh5 44. Kd3 g5 45. Re3 f6 46. Rg3 Rh4 47. Rg4 Rxg4 48. hxg4 g6 49. Ke3 e5 50. Ke4 exd4 51. Kxd4 f5 52. gxf5 gxf5 1/2-1/2

[Event "YUG-ch U18 54th"]
[Site "Obrenovac"]
[Date "2002.01.09"]
[Round "1"]
[White "Nadjhedjesi, Balind"]
[Black "Popovic, Dusan"]
[Result "1/2-1/2"]
[WhiteElo "2272"]
[BlackElo "2394"]
[PlyCount "25"]
[EventDate "2002.01.09"]
[EventType "tourn"]
[EventRounds "13"]
[EventCountry "YUG"]
[EventCategory "1"]
[SourceTitle "CBM 086 Extra"]
[Source "ChessBase"]
[SourceDate "2002.03.14"]
[SourceVersion "1"]
[SourceVersionDate "2002.03.14"]
[SourceQuality "1"]

1. e4 g6 2. d4 Bg7 3. Nc3 d6 4. Nf3 a6 5. Bd3 b5 6. a4 b4 7. Nd5 a5 8. c3 c6 9. Ne3 Ba6 10. 0-0 bxc3 11. bxc3 Nd7 12. Bxa6 Rxa6 13. Qd3 1/2-1/2